SEPA peniaze na ceste Európou – jednoducho a rýchlo

SEPA je projekt vytvárania jednotnej platobnej oblasti v mene euro, je to zavŕšenie menovej únie. V hotovostnej oblasti sú platby v eurách zjednotené a kdekoľvek na svete prijímajú euro v hotovostnej podobe bez problémov. Ale v oblasti bezhotovostných platieb má každá krajina Európskej únie iný syst...

Description complète

Enregistré dans:
Détails bibliographiques
Auteur principal: Kohútiková, Elena
Format: Chapitre de livre
Sujets:
Tags: Ajouter un tag
Pas de tags, Soyez le premier à ajouter un tag!

MARC

LEADER 00000naa a2200000 4500
001 0181488
005 20221020085146.0
044 |a SK 
245 1 0 |a SEPA peniaze na ceste Európou – jednoducho a rýchlo  |c Elena Kohútiková 
520 |a SEPA je projekt vytvárania jednotnej platobnej oblasti v mene euro, je to zavŕšenie menovej únie. V hotovostnej oblasti sú platby v eurách zjednotené a kdekoľvek na svete prijímajú euro v hotovostnej podobe bez problémov. Ale v oblasti bezhotovostných platieb má každá krajina Európskej únie iný systém spracovania platieb, iné formuláre, iné zúčtovacie termíny na vykonanie platby. To, že sa zavádza SEPA, znamená, že tak ako sú zjednotené podmienky pri platení eurom v hotovosti, tak budú zjednotené podmienky pri bezhotovostných platbách v eurách. A to nielen v krajinách eurozóny, ale aj v celej EÚ a pridáva sa k nim 5 ďalších krajín – Lichtenštajnsko, Nórsko, Island, Švajčiarsko a Monako. Medzi krajiny EÚ už samozrejme rátame aj Chorvátsko. Spolu je to 33 krajín. 
610 2 0 |a únie menové 
610 2 0 |a euro 
610 2 0 |a eurozóna 
610 2 0 |a nástroje bankové 
610 2 0 |a prevod bankový 
100 1 |a Kohútiková, Elena